Current surgical diagnosis and treatment. (9th ed.) (Record no. 31199)
[ view plain ]
| 000 -LEADER | |
|---|---|
| fixed length control field | 00715nam a2200193 a 4500 |
| 008 - FIXED-LENGTH DATA ELEMENTS--GENERAL INFORMATION | |
| fixed length control field | 110909s1991 ||||||||||||||||| || u |
| 020 ## - INTERNATIONAL STANDARD BOOK NUMBER | |
| International Standard Book Number | 083851426X |
| 050 ## - LIBRARY OF CONGRESS CALL NUMBER | |
| Classification number | RD 31 CUR |
| 100 ## - MAIN ENTRY--PERSONAL NAME | |
| Personal name | Way, Lawrence W |
| 245 10 - TITLE STATEMENT | |
| Title | Current surgical diagnosis and treatment. (9th ed.) |
| Statement of responsibility, etc. | edited by Way, Lawrence W. |
| 250 ## - EDITION STATEMENT | |
| Edition statement | 9th ed. |
| 260 ## - PUBLICATION, DISTRIBUTION, ETC. | |
| Place of publication, distribution, etc. | Connecticut: |
| Name of publisher, distributor, etc. | Appleton and Lange |
| Date of publication, distribution, etc. | 1991 |
| 300 ## - PHYSICAL DESCRIPTION | |
| Extent | xviii, 1359p.: ill. |
| 350 ## - | |
| -- | 0.00 |
| 490 ## - | |
| -- | A Lange medical book |
| 650 #0 - SUBJECT ADDED ENTRY--TOPICAL TERM | |
| Topical term or geographic name entry element | SURGERY |
| 650 #0 - SUBJECT ADDED ENTRY--TOPICAL TERM | |
| Topical term or geographic name entry element | DIAGNOSIS, SURGICAL |
| 995 ## - | |
| -- | MEDICAL LIBRARY OPEN ACCESS |
| -- | 0.00 |
| -- | 900144 |
| -- | CBU-SCHOOL OF MEDICINE LIBRARY (Ndola) |
| -- | 1 |
| -- | 0.00 |
| -- | RD 31 CUR |
| -- | 1 |
| -- | AVAILABLE |
| -- | Dec 1, 2011 |
| -- | 900144 |
| -- | Medical Library Open Access Collection |
| 999 ## - | |
| -- | 31199 |
| -- | 31199 |
| Withdrawn status | Lost status | Source of classification or shelving scheme | Damaged status | Not for loan | Permanent Location | Current Location | Shelving location | Date acquired | Total Checkouts | Full call number | Barcode | Date last seen | Price effective from | Koha item type |
|---|---|---|---|---|---|---|---|---|---|---|---|---|---|---|
| CBU-SCHOOL OF MEDICINE LIBRARY, NDOLA. | CBU-SCHOOL OF MEDICINE LIBRARY, NDOLA. | 11/30/2022 | RD 31 CUR | 900144 | 11/30/2022 | 11/30/2022 | MONOGRAPH |